Behavioral management guide : (Record no. 1307)

MARC details
000 -LEADER
fixed length control field 01169cam a22003494a 4500
005 - DATE AND TIME OF LATEST TRANSACTION
control field 20260322212055.0
006 - FIXED-LENGTH DATA ELEMENTS--ADDITIONAL MATERIAL CHARACTERISTICS
fixed length control field data
007 - PHYSICAL DESCRIPTION FIXED FIELD--GENERAL INFORMATION
fixed length control field data
008 - FIXED-LENGTH DATA ELEMENTS--GENERAL INFORMATION
fixed length control field data
010 ## - LIBRARY OF CONGRESS CONTROL NUMBER
LC control number 00061059
020 ## - INTERNATIONAL STANDARD BOOK NUMBER
International Standard Book Number 9780765703002
020 ## - INTERNATIONAL STANDARD BOOK NUMBER
International Standard Book Number 0765703009
040 ## - CATALOGING SOURCE
Original cataloging agency DLC
Transcribing agency DLC
Modifying agency C#P
041 09 - LANGUAGE CODE
Language code of text/sound track or separate title eng
042 ## - AUTHENTICATION CODE
Authentication code nlmcopyc
-- nlmcopyc
044 ## - COUNTRY OF PUBLISHING/PRODUCING ENTITY CODE
-- United States
050 00 - LIBRARY OF CONGRESS CALL NUMBER
Classification number RC480.5
Item number .W277 2001
060 10 - NATIONAL LIBRARY OF MEDICINE CALL NUMBER
Classification number WM 420
Item number W291b 2001
082 00 - DEWEY DECIMAL CLASSIFICATION NUMBER
Classification number 616.89/1
Edition information 21
001 - CONTROL NUMBER
control field data
100 1# - MAIN ENTRY--PERSONAL NAME
Personal name Warren, Muriel.
245 10 - TITLE STATEMENT
Title Behavioral management guide :
Remainder of title essential treatment strategies for adult psychotherapy /
Statement of responsibility, etc. Muriel Warren.
260 ## - PUBLICATION, DISTRIBUTION, ETC.
Place of publication, distribution, etc. Northvale, N.J. :
Name of publisher, distributor, etc. Jason Aronson,
Date of publication, distribution, etc. c2001.
300 ## - PHYSICAL DESCRIPTION
Extent xi, 425 p. :
Other physical details forms ;
Dimensions 24 cm. +
Accompanying material 1 computer optical disc (4 3/4 in.)
336 ## - CONTENT TYPE
Content type term text
Content type code txt
Source rdacontent
337 ## - MEDIA TYPE
Media type term unmediated
Media type code n
Source rdamedia
338 ## - CARRIER TYPE
Carrier type term volume
Carrier type code nc
Source rdacarrier
504 ## - BIBLIOGRAPHY, ETC. NOTE
Bibliography, etc. note Includes bibliographical references (p. [415]-416) and index.
650 12 - SUBJECT ADDED ENTRY--TOPICAL TERM
Topical term or geographic name entry element Mental Disorders
General subdivision therapy
Authority record control number or standard number https://id.nlm.nih.gov/mesh/D001523Q000628
650 12 - SUBJECT ADDED ENTRY--TOPICAL TERM
Topical term or geographic name entry element Psychotherapy
Authority record control number or standard number https://id.nlm.nih.gov/mesh/D011613
650 22 - SUBJECT ADDED ENTRY--TOPICAL TERM
Topical term or geographic name entry element Patient Care Planning
Authority record control number or standard number https://id.nlm.nih.gov/mesh/D010347
Holdings
Withdrawn status Lost status Damaged status Not for loan Home library Current library Shelving location Date acquired Total checkouts Full call number Barcode Date last seen Price effective from Koha item type
        Riverside Riverside General stacks 22/03/2026   616.89/1 21 BC0011350 22/03/2026 22/03/2026 Books